Mechanical vibration analysis (Record no. 162475)

MARC details
000 -LEADER
fixed length control field 00371nam a2200157Ia 4500
008 - FIXED-LENGTH DATA ELEMENTS--GENERAL INFORMATION
fixed length control field 231217s9999 xx 000 0 und d
041 ## - LANGUAGE CODE
Language code of text/sound track or separate title English
082 ## - DEWEY DECIMAL CLASSIFICATION NUMBER
Classification number 620.3 SRI
100 ## - MAIN ENTRY--PERSONAL NAME
Personal name Srinivasan, P.
245 #0 - TITLE STATEMENT
Title Mechanical vibration analysis
250 ## - EDITION STATEMENT
Edition statement 2nd ed.
260 ## - PUBLICATION, DISTRIBUTION, ETC.
Date of publication, distribution, etc. 1990
Name of publisher, distributor, etc. T M H
300 ## - PHYSICAL DESCRIPTION
Extent xvi+536
650 ## - SUBJECT ADDED ENTRY--TOPICAL TERM
Topical term or geographic name entry element Mechanical vibration
942 ## - ADDED ENTRY ELEMENTS (KOHA)
Koha item type Books
Holdings
Date last seen Total checkouts Full call number Accession number Cost, total (INR) price Price effective from Category Lost status Damaged status Department Withdrawn status Home library Current library Entry date Vendor Cost, normal purchase price Grants Billnumber Billdate Currency symbol Conversion rate Discount Old discount
26/01/2024   620.3 SRI 5119 165.75 26/01/2024 Books     Central Library   Central Library Central Library 22/12/1992 Educational Supplies 195.00 ME 19578 26/02/2010 RS 1 29.25 15
26/01/2024   620.3 SRI;1 8749 191.25 26/01/2024 Books     Central Library   Central Library Central Library 12/03/1996 Gangarams books bureu 225.00 ME 1020 24/02/1999 RS 1 33.75 15

© For any Suggestions or Query, please contact the library staff @ librarian@pes.edu or Phone: +9180 2672 1983/ 2108.